Journal of applied statistics
Αποθηκεύτηκε σε:
| Μορφή: | Περιοδική έκδοση |
|---|---|
| Γλώσσα: | English |
| Δημοσίευση: |
Sheffield [Yorkshire] :
Sheffield City Polytechnic,
1984-
|
| Θέματα: | |
| Ετικέτες: |
Προσθήκη ετικέτας
Δεν υπάρχουν, Καταχωρήστε ετικέτα πρώτοι!
|
MARC
| LEADER | 00000nas a2200000 i 4500 | ||
|---|---|---|---|
| 001 | 1/47994 | ||
| 008 | 040204c19849999us eng d | ||
| 022 | |a 02664763 | ||
| 035 | |l 10072174 | ||
| 040 | |a GR-MY-UA |b gre |e aacr | ||
| 041 | 0 | |a eng | |
| 082 | 0 | |a 519.505 | |
| 245 | 1 | 0 | |a Journal of applied statistics |h [περιοδικό] |
| 246 | 3 | 3 | |a Applied Statistics |
| 260 | |a Sheffield [Yorkshire] : |b Sheffield City Polytechnic, |c 1984- | ||
| 300 | |a v.; |b ill.; |c 24 cm. | ||
| 310 | |a Monthly (except Mar. and Sep.), 2003- ; Frequency varies, 1984-2002 | ||
| 650 | 0 | 0 | |a Statistics |x Periodicals. |
| 853 | |a INST |b SAMOS |c SER | ||
| 922 | |a ΣΑΜΟΣ |b 200402 |c ΤΜΗΜΑ ΣΤΑΤΙΣΤΙΚΗΣ |d ΚΑΟΥΦΜΑΝ | ||
| 970 | |a ΜΑΛΑΓΑΡΗ |b ΦΩΤΕΙΝΗ |z 20040204 | ||